Statistics for San Antonio Spurs 2018-19 Roster

Click here to take the quiz!

General Stats

  • This quiz has been taken 76 times
  • The average score is 11 of 17

Answer Stats

NbrPostPlayer% Correct
12PFLaMarcus Aldridge
98%
10SGDeMar DeRozan
93%
5PGDejounte Murray
88%
-Head CoachGregg Popovich
86%
22SFRudy Gay
81%
25CJakob Poeltl
78%
8PGPatty Mills
78%
4PGDerrick White
74%
11SGBryn Forbes
64%
42SFDavis Bertans
62%
16CPau Gasol
59%
18SGMarco Belinelli
55%
9SGLonnie Walker IV
48%
7PFChimezie Metu
40%
14PFDrew Eubanks
38%
33SFDante Cunningham
31%
3SFQuincy Pondexter
28%

Score Distribution

Percentile by Number Answered

Percent of People with Each Score

Your Score History

You have not taken this quiz